Pedagogy of English/ (Record no. 199771)

MARC details
000 -LEADER
fixed length control field 00792nam a22002297a 4500
005 - DATE AND TIME OF LATEST TRANSACTION
control field 20231222104228.0
010 ## - LCCN (DPL NO)
LC control number ENG-138708
020 ## - INTERNATIONAL STANDARD BOOK NUMBER
International Standard Book Number 9789390897926
Terms of availability 795.00
035 ## - SYSTEM CONTROL NUMBER
System control number EN-122240
037 ## - SOURCE OF ACQUISITION
Source of stock number/acquisition DBAD/PUB
082 ## - DEWEY DECIMAL CLASSIFICATION NUMBER
Classification number 372.6521
Edition number 1
100 ## - MAIN ENTRY--PERSONAL NAME
Personal name Dinakar, P.
245 ## - TITLE STATEMENT
Title Pedagogy of English/
Statement of responsibility, etc By P Dinakar; Katyayani R.K and Girija Raman
250 ## - EDITION STATEMENT
Edition statement 1
260 ## - PUBLICATION, DISTRIBUTION, ETC. (IMPRINT)
Place of publication, distribution, etc New Delhi
Name of publisher, distributor, etc Neelkamal Publications
Date of publication, distribution, etc 2018
-- 2022
270 ## - ADDRESS
Address 4764/1, 23, Ansari Road
City Daryaganj, New Delhi
Postal code 110002
Telephone number 011-23244237
-- 9811828953
Electronic mail address neelkamalbooks@gmail.com
300 ## - PHYSICAL DESCRIPTION
Extent xii+169p.
Dimensions 25cm(hbk)
500 ## - GENERAL NOTE
General note Includes bibliographical references
700 ## - ADDED ENTRY--PERSONAL NAME
Personal name R.K , Katyayani
Relator term Author
9 (RLIN) 60151
700 ## - ADDED ENTRY--PERSONAL NAME
Personal name Raman, Girija
Relator term Author
9 (RLIN) 60152
942 ## - ADDED ENTRY ELEMENTS (KOHA)
Source of classification or shelving scheme Dewey Decimal Classification
Item type English Books
Classification part 372.6521
Call number suffix DIN

No items available.


© Delhi Public Library
Hit Counter
free hit counter